| 000 | 01020nam2a22002411 4500 | ||
|---|---|---|---|
| 001 | rc\151656 | ||
| 005 | 20250612172128.0 | ||
| 010 |
_a5-85270-059-2 _9150000 |
||
| 035 | _a(NLR Aleph) 008749854 | ||
| 090 |
_a9564191 _c9564191 |
||
| 100 | _a20030307d1992 |||y0rusy50 ca | ||
| 101 | 0 | _arus | |
| 102 | _aRU | ||
| 105 | _aa ||||||||| | ||
| 200 | 1 | _aЛабиринтит - Нефротический синдром | |
| 210 |
_cБольшая рос. энцикл. _d1992 _aБ. м. |
||
| 215 |
_a607, [1] с. _cил. |
||
| 461 | 0 |
_1001rc\151653 _12001#$aМалая медицинская энциклопедия$e[В 6 т.]$fГл. ред. акад. АМН СССР В.И. Покровский$vТ. 3 _97880328 _cМ. _d1991 _fГл. ред. акад. АМН СССР В.И. Покровский _nСов. энциклопедия _o[В 6 т.] _tМалая медицинская энциклопедия _vТ. 3 |
|
| 801 | 0 |
_aRU _bNLR _gpsbo |
|
| 801 | 1 |
_aRU _bELAR _2rusmarc |
|
| 852 |
_aNLR _bС _jК-4/462 |
||
| 942 | _cBOOK | ||
| 980 | _aNB | ||